טוען...
New dimensions in south Indian history
| מחבר ראשי: | |
|---|---|
| פורמט: | Printed Book |
| יצא לאור: |
University of calicut
Association for peasant studies
|
| נושאים: |
| LEADER | 00475nam a22001337a 4500 | ||
|---|---|---|---|
| 082 | |a 954.8 | ||
| 100 | |a Kurup , K K N | ||
| 245 | |a New dimensions in south Indian history | ||
| 260 | |a University of calicut |b Association for peasant studies | ||
| 300 | |a 139p | ||
| 650 | |a South Indian history | ||
| 942 | |c BK | ||
| 999 | |c 288675 |d 288675 | ||
| 952 | |0 0 |1 0 |4 0 |6 954_800000000000000_KUR_N |7 0 |8 Rebinded |9 328155 |a HIS |b HIS |c ST1 |d 2014-07-23 |i 21941 |l 0 |o 954.8 KUR / N |p HIS21941 |r 2014-07-23 |w 2018-08-23 |y BK | ||